Detalles MARC
| 000 -LÍDER |
| Campo fijo de descripción fija |
01552nam a2200289 i 4500 |
| 001 - NÚMERO DE CONTROL |
| Campo de control |
768714001 |
| 003 - IDENTIFICADOR DEL NÚMERO DE CONTROL |
| Campo de control |
CO-MdFUSB |
| 005 - FECHA Y HORA DE LA ULTIMA TRANSACCIÓN |
| control field |
20250217165951.0 |
| 008 - ELEMENTOS DE LONGITUD FIJA -- INFORMACIÓN GENERAL |
| Campo fijo de descripción fija -- Información general |
190430t2018 sp abeo| |||| 00| 0 spa d |
| 020 ## - NÚMERO INTERNACIONAL NORMALIZADO PARA LIBROS |
| Número Internacional Normalizado del libro |
9788490733356 |
| 040 ## - FUENTE DE CATALOGACIÓN |
| Agencia de catalogación original |
CO-MdFUSB |
| Idioma de catalogación |
spa |
| Agencia que realiza la transcripción |
CO-MdFUSB |
| Agencia que realiza la modificación |
CO-MdFUSBC |
| Convenciones de la descripción |
rda |
| 041 ## - CÓDIGO DE IDIOMA |
| Código de idioma para texto/pista de sonido o título separado |
spa |
| 082 ## - NÚMERO DE CLASIFICACIÓN DECIMAL DEWEY |
| Número de la edición del Dewey |
22 |
| Número de clasificación |
220.9 |
| Clave de autor-Numero de item |
AT881 |
| 245 1# - TÍTULO |
| Título del Material |
Atlas bíblico : |
| Parte restante del título - Subtitulo |
la Biblia en el espacio : Geografía. |
| Mención de responsabilidad, etc. |
/ José Luis Albares ; cartografía por Espera Solucions Editorials S.L. ; diseñado por Francesc Sala. |
| 264 #1 - PRODUCCIÓN, PUBLICACIÓN, DISTRIBUCIÓN, MANUFACTURA, Y COPYRIGHT |
| Lugar de producción, publicación, distribución, manufactura |
Estella (Navarra), España : |
| Nombre del productor, publicador, distribuidor |
Verbo Divino, |
| Fecha de producción, publicación, distribución, manufactura, o copyright |
[2018] |
| 264 #4 - PRODUCCIÓN, PUBLICACIÓN, DISTRIBUCIÓN, MANUFACTURA, Y COPYRIGHT |
| Fecha de producción, publicación, distribución, manufactura, o copyright |
© 2018 |
| 300 ## - DESCRIPCIÓN FÍSICA |
| Extensión |
35 páginas ; |
| Otros detalles físicos |
mapas a color, fotografías, ilustraciones : |
| Dimensiones |
30 cm |
| 336 ## - TIPO DE CONTENIDO |
| Fuente |
rdacontent |
| Término de tipo de contenido |
texto |
| Código de tipo de contenido |
txt |
| 337 ## - TIPO DE MEDIO |
| Fuente |
rdamedia |
| Nombre del tipo de medio |
sin mediación |
| Código del tipo de medio |
n |
| 338 ## - TIPO DE SOPORTE |
| Fuente |
rdacarrier |
| Nombre del tipo de soporte |
volumen |
| Código Tipo de soporte |
nc |
| 490 ## - MENCIÓN DE SERIE |
| Mención de serie |
Coordenadas Bíblicas, |
| 505 ## - NOTA DE CONTENIDO |
| Nota de contenido con formato preestablecido |
El país de la biblia. -- La época de los patriarcas. -- De la esclavitud en Egipto a la libertad en la Tierra Prometida. -- Monarquía: el gran reino de David. -- El reino dividido: el reino del Norte o de Israel. -- El reino dividido. -- El reino del sur o de Judá. -- El exilio en Babilonia. -- El nacimiento del judaísmo. -- El reino Macabeo - Asmoneo. -- Jesucristo: la plenitud de los tiempos. -- El nacimiento del cristianismo. -- La época post- apostólica. -- La difusión del cristianismo en el mundo antiguo. -- Las religiones hoy en el mundo. -- índice de nombres y lugares. |
| 563 ## - NOTA DE ENCUADERNACIÓN |
| Nota de encuadernación |
Rústico. |
| 653 ## - TÉRMINO DE INDIZACIÓN - NO CONTROLADO |
| Término no controlado |
Atlas -- Biblia. |
| 942 ## - TIPO DE MATERIAL (KOHA) |
| Tipo de Item KOHA |
Libros de Referencia |
| 945 ## - INFORMACIÓN LOCAL DEL REGISTRO |
| Catalogador |
JTF-925 |